[Event "Wuerttemberg-ch KT"]
[Site "Stuttgart"]
[Date "2016.09.01"]
[Round "6"]
[White "Kaiser, Andreas"]
[Black "Reindl, Jork"]
[Result "1-0"]
[WhiteElo "1847"]
[BlackElo "1436"]
[PlyCount "71"]
[EventDate "2016.08.27"]
[EventType "swiss"]
[EventRounds "9"]
[EventCountry "GER"]
[SourceTitle "EXT 2017"]
[Source "ChessBase"]
[SourceDate "2016.10.25"]
[SourceVersion "1"]
[SourceVersionDate "2016.10.25"]
[SourceQuality "1"]

1. Nf3 Nc6 2. e3 e5 3. d4 exd4 4. exd4 d5 5. Bd3 Nf6 6. 0-0 Be7 7. c3 h6 8. Be3 0-0 9. Nbd2 Be6 10. Ne5 Nxe5 11. dxe5 Nd7 12. f4 Bc5 13. Bd4 Bxd4+ 14. cxd4 f5 15. Rc1 c6 16. Qe2 Rc8 17. Nb3 Qe7 18. Qh5 Qf7 19. Qh4 Rfe8 20. Be2 Qe7 21. Qh5 Qf7 22. Qh3 Qf8 23. Rc3 Kh8 24. Qh5 Qf7 25. Qh3 Qf8 26. g4 fxg4 27. Bxg4 Bxg4 28. Qxg4 Nb6 29. Nc5 Qe7 30. b3 Rg8 31. Rg3 Na8 32. f5 Rcf8 33. Ne6 Re8 34. Qh5 Nc7 35. Nf4 Ref8 36. Ng6+ 1-0

[Event "Wuerttemberg-ch KT"]
[Site "Stuttgart"]
[Date "2016.08.29"]
[Round "3"]
[White "Handel, Heinz"]
[Black "Kaiser, Andreas"]
[Result "0-1"]
[WhiteElo "1661"]
[BlackElo "1847"]
[PlyCount "100"]
[EventDate "2016.08.27"]
[EventType "swiss"]
[EventRounds "9"]
[EventCountry "GER"]
[SourceTitle "EXT 2017"]
[Source "ChessBase"]
[SourceDate "2016.10.25"]
[SourceVersion "1"]
[SourceVersionDate "2016.10.25"]
[SourceQuality "1"]

1. d4 d5 2. Nf3 Nf6 3. g3 g6 4. Bg2 Bg7 5. c3 0-0 6. 0-0 b6 7. Nbd2 Bb7 8. Re1 Nbd7 9. Qc2 c5 10. a4 a6 11. dxc5 Nxc5 12. b4 Nce4 13. Rd1 Rc8 14. Bb2 Qc7 15. Rac1 Nd6 16. Qb3 Rfe8 17. Rc2 e5 18. Rdc1 b5 19. e3 Qb6 20. a5 Qa7 21. Qa3 Nd7 22. Qb3 f5 23. Ne1 Nf6 24. Nd3 Nfe4 25. Nxe4 Nxe4 26. Bxe4 fxe4 27. Nc5 Bc6 28. Rd1 Kh8 29. Rcd2 Rcd8 30. Qc2 Qa8 31. Rf1 Bf8 32. Qd1 Qc8 33. Kg2 Bxc5 34. bxc5 Qc7 35. Qa1 Qe7 36. Ba3 Rd7 37. Qd1 Qd8 38. Bb4 Qf6 39. h4 Red8 40. Qg4 Rf7 41. Qg5 Qf3+ 42. Kh3 Re8 43. Kh2 Kg7 44. h5 Rf5 45. h6+ Kg8 46. Qh4 Rh5 47. Qxh5 Qxh5+ 48. Kg2 Qf3+ 49. Kh2 Rf8 50. Ba3 Rf5 0-1